| 000 | 00485cam a22002051 4500 | ||
|---|---|---|---|
| 001 | sa 65009220 | ||
| 003 | DLC | ||
| 005 | 20260227112200.0 | ||
| 008 | 881028s1965 xx 000 0 beno | ||
| 010 | _asa 65009220 | ||
| 035 | _a(OCoLC)23536676 | ||
| 040 |
_aDLC _cMiU _dDLC |
||
| 042 | _apremarc | ||
| 050 | 0 | 0 |
_aPK1718.B377 _bM3 |
| 100 | 1 | _aBasu, Ramapati. | |
| 245 | 1 | 0 | _aMati Mañjilera Āmīra Jāna. |
| 260 | _c[1965] | ||
| 300 |
_a221 p. _c23 cm. |
||
| 500 | _aRomanized. | ||
| 999 |
_c66083 _d66083 |
||